Top 30 : Rihanna - Statistiques

Statistiques générales
  • Ce quiz a été pris 240 fois
  • Le résultat moyen est 14 sur 30
Statistiques - réponses
Top Titres Featuring % Correct
3 Umbrella JAY-Z
88%
9 Work Drake
81%
7 Diamonds
76%
8 Stay Mikky Ekko
73%
15 The Monster Eminem
67%
4 Love The Way You Lie Eminem
64%
10 Only Girl (In The World)
61%
1 We Found Love Calvin Harris
61%
11 S&M
59%
2 This Is What You Came For Calvin Harris
55%
27 What's My Name? Drake
54%
5 Love On The Brain
52%
20 Where Have You Been
52%
13 Wild Thoughts DJ Khaled, Bryson Tiller
51%
23 Rude Boy
50%
14 FourFiveSeconds Kanye West, Paul McCartney
47%
12 Don't Stop The Music
46%
26 Can't Remember to Forget You Shakira
44%
19 Disturbia
40%
18 Bitch Better Have My Money
39%
17 Pon de Replay
37%
6 Needed Me
36%
25 Kiss It Better
34%
24 Take Care Drake
33%
22 LOYALTY. Kendrick Lamar
31%
30 Breakin' Dishes
28%
29 Live Your Life T.I.
26%
21 Take A Bow
25%
28 Run This Town JAY-Z, Kanye West
22%
16 Too Good Drake
15%
Aucun quiz correspondant
Distribution des résultats
% des personnes avec chaque résultat
Percentile par nombre de réponses
Votre historique - résultats
Vous n’avez pas pris ce quiz